000
00286nam a2200109Ia 4500
008
201217s9999 xx 000 0 und d
100
_a
Robbins, Stephen
245
0
_a
Organization theory Structure,Design,and Applications
260
_a
London
_b
Prentice Hall
300
_a
518
942
_c
BK
999
_c
7875
_d
7875